Представление документа в формате RUSMARC

ПолеНазваниеЗначение
  Тип записи a
  Библиографический уровень m
001 Контрольный номер RU/SLIB/B/208705229
005 Дата корректировки 20260422093619.8
010 Индекс ISBN __
a ISBN 5-02-028041-0
d Цена 7300-00
101 Язык документа 0_
a Язык текста rus
c Язык оригинала rus
200 Заглавие и сведения об ответственности 0_
a Заглавие Размышления
f Первые сведения об ответственности Аврелий Марк Антонин
b Общее обозначение материала Текст
205 Сведения об издании __
a Основные сведения об издании 2-е изд., испр. и доп.
210 Выходные данные 1_
a Место издания СПб.
c Издательство Наука
d Дата издания 1993
215 Физическое описание __
a Объем 248 с.
c Иллюстрации/тип воспроизводства ил.
225 Серия 2_
a Серия Литературные памятники
606 Тематические рубрики __
a Основная рубрика История
606 Тематические рубрики __
a Основная рубрика Древний мир
606 Тематические рубрики __
a Основная рубрика Философия
606 Тематические рубрики __
a Основная рубрика Всемирная история философии
610 Ключевые слова 0_
a Ключевые слова философские размышления; литературные размышления; история философии
686 Индексы других классификаций __
2 Код системы rubbks
a Классификационный индекс 87.3(0)323-245; ст87.3
700 Автор _0
a Фамилия Марк Аврелий Антонин
f Даты 121-180
4 Код отношения 070
801 Источник записи _0
a Страна RU
b Организация Муниципальное бюджетное учреждение культуры "Централизованная библиотечная система" г. Сургут (Центральная городская библиотека им. А. С. Пушкина)
801 Источник записи _1
a Страна RU
b Организация Муниципальное бюджетное учреждение культуры "Централизованная библиотечная система" г. Сургут (Центральная городская библиотека им. А. С. Пушкина)
852 Данные о местонахождении __
j Шифр хранения 87.3(0)323-245
c Каталожный индекс 63.3(0)32; 87.3
i Авторский знак М 26
p Инвентарный номер 52545
901 Тип документа __
t Тип документа m
990 Данные о заказе (DOS) 00
j Количество экземпляров (DOS) 10
h N записи в КСУ для Б/У (DOS) 199201